00493nam a2200157 u 450000100100000000500170001000800410002702000150006804000250008310000260010824500620013426000400019630000310023650400260026750000420029300002025320200929170331.0100802s1999 dr c 000 0 spa d a8487507530 aDO-SdBNPbspacBNPHU1 aRey, Albert C.d1948-10aAlbert Einstein :bgrandes biografías /cAlbert C. Rey. aEspaña :bEdiciones Rueda,c1999. a199 p. :bretrs. ;c25 cm. aBibliografía p: 198 aIncluye datos biografícos del autor